000 004510000a22001690004500
003 MACL
005 20151229142000.0
008 151229b xxu||||| |||| 00| 0 eng d
040 _aMACL
_cMACL
041 _aEnglish
082 _a100/RAD
100 _aRadhakrishnah, Dr. S.
_923951
245 _aThe Brahma Sutra The Philosophy of Spiritual Life
260 _bGeorge Allen & Unwing
_c1960
650 _aPhilosophy
_923952
942 _cBK
_k100/Rad
_2ddc
999 _c35024
_d35024